000 00899nam a2200193 a 4500
008 120416s1984 ||||||||||||||||| || u
050 _aHD 1387 Eme
100 _aEmeny, R
245 1 0 _aPrinciples and practices of rating valuation
250 _a4th ed.
260 _aLondon
_bThe Estates Gazette
_c1984
300 _axl, invarious pagings : ill.
350 _a0.00
650 _aLAND VALUATION
650 _aLAND
995 _aMAIN LIBRARY OPEN ACCESS
_D0.00
_e707518
_FCBU-MAIN LIBRARY (Kitwe)
_H3
_I0.00
_jHD 1387 Eme
_M3
_UAVAILABLE
_WAug 1, 2006
_y005755
_ZMain Library Open Access Collection
995 _aBINDERY (DAMAGED)
_D0.00
_e707519
_FCBU-MAIN LIBRARY (Kitwe)
_H1
_I0.00
_jHD 1387 Eme
_M1
_UDAMAGED
_y005756
_ZMain Library Open Access Collection
995 _aMAIN LIBRARY OPEN ACCESS
_D0.00
_e707517
_FCBU-MAIN LIBRARY (Kitwe)
_H2
_I0.00
_jHD 1387 Eme
_M2
_ULOST
_y707517
_ZMain Library Open Access Collection
999 _c77285
_d77285